[Event "Altenkirchen Seniors op 19th"]
[Site "Altenkirchen"]
[Date "2022.07.20"]
[Round "2"]
[White "Schwarz, Hans"]
[Black "Alicke, Manfred"]
[Result "1-0"]
[WhiteElo "1837"]
[BlackElo "1572"]
[PlyCount "43"]
[EventDate "2022.07.19"]
[EventType "swiss"]
[EventRounds "9"]
[EventCountry "GER"]
[SourceTitle "CBM 209 Extra"]
[Source "ChessBase"]
[SourceDate "2022.09.30"]
[SourceVersion "1"]
[SourceVersionDate "2022.09.30"]
[SourceQuality "1"]

1. e4 e6 2. d4 h6 3. Nc3 c6 4. Bd2 Be7 5. Bd3 b6 6. Qg4 g5 7. e5 Bb4 8. h4 Be7 9. hxg5 d6 10. gxh6 Bf8 11. h7 Ne7 12. Bg5 d5 13. Bf6 Nd7 14. Bxh8 c5 15. Bg7 cxd4 16. h8Q dxc3 17. bxc3 Qc7 18. Ne2 Nc6 19. Bxf8 Nxf8 20. Qgg7 Qe7 21. Qhxf8+ Qxf8 22. Rh8 1-0

[Event "Altenkirchen Seniors op 18th"]
[Site "Altenkirchen"]
[Date "2021.07.02"]
[Round "1"]
[White "Kalepky, Helmut"]
[Black "Alicke, Manfred"]
[Result "1-0"]
[WhiteElo "1962"]
[BlackElo "1654"]
[PlyCount "101"]
[EventDate "2021.07.02"]
[EventType "swiss"]
[EventRounds "9"]
[EventCountry "GER"]
[SourceTitle "CBM 203 Extra"]
[Source "ChessBase"]
[SourceDate "2021.09.30"]
[SourceVersion "1"]
[SourceVersionDate "2021.09.30"]
[SourceQuality "1"]

1. c4 c5 2. Nf3 Nc6 3. Nc3 Nf6 4. d4 d5 5. cxd5 Nxd5 6. e4 Nxc3 7. bxc3 Bg4 8. d5 Ne5 9. Bb5+ Nd7 10. h3 Bxf3 11. Qxf3 a6 12. Bxd7+ Qxd7 13. 0-0 e6 14. Bf4 Be7 15. a4 0-0 16. c4 f6 17. Rfb1 e5 18. Bd2 Bd8 19. a5 Rb8 20. Qa3 Qd6 21. Be3 Rc8 22. Rxb7 Rf7 23. Rxf7 Kxf7 24. Rb1 Rb8 25. Rxb8 Qxb8 26. Qa2 Be7 27. f3 h6 28. Kh2 g5 29. Bd2 Kg6 30. Bc3 h5 31. Qa4 h4 32. Qc6 Qd6 33. Be1 Qxc6 34. dxc6 Bd6 35. Bf2 Bc7 36. Bxc5 Bxa5 37. Bd6 Kf7 38. c7 Bxc7 39. Bxc7 Ke7 40. Ba5 Kd7 41. Kg1 Kc6 42. Bb4 Kd7 43. Kf2 Ke6 44. Ke3 f5 45. Kd3 g4 46. Be1 fxe4+ 47. fxe4 gxh3 48. gxh3 Kd6 49. Bxh4 a5 50. Be1 a4 51. Bb4+ 1-0

[Event "Schleswig Holstein-ch Seniors op 11th"]
[Site "Buesum"]
[Date "2017.09.12"]
[Round "5"]
[White "Boss, Kurt"]
[Black "Alicke, Manfred"]
[Result "0-1"]
[WhiteElo "1222"]
[BlackElo "1646"]
[PlyCount "94"]
[EventDate "2017.09.08"]
[EventType "swiss"]
[EventRounds "9"]
[EventCountry "GER"]
[SourceTitle "EXT 2019"]
[Source "ChessBase"]
[SourceDate "2018.10.10"]
[SourceVersion "1"]
[SourceVersionDate "2018.10.10"]
[SourceQuality "1"]

1. e4 e6 2. Nc3 c6 3. Nf3 h6 4. Bd3 b5 5. a3 a5 6. Ne2 g5 7. c3 Bg7 8. b3 Ba6 9. e5 Ne7 10. b4 axb4 11. axb4 Qc7 12. c4 Bxe5 13. Bb2 Bxb2 14. Rb1 Bg7 15. c5 d6 16. Qc1 Nd7 17. 0-0 d5 18. Nc3 e5 19. Bc2 e4 20. Ne1 Be5 21. g3 Nf6 22. Kg2 g4 23. Ne2 Ng6 24. Rh1 Bc8 25. Bb3 Be6 26. d4 exd3 27. Nxd3 Nd7 28. Nef4 Nxf4+ 29. gxf4 Bf6 30. Re1 Kf8 31. Re3 Bd4 32. Rg3 Nf6 33. Qd1 h5 34. Kf1 Bf5 35. Bc2 Ne4 36. Rg1 Nc3 37. Qd2 Nxb1 38. Bxb1 Ra1 39. Kg2 h4 40. Nb2 Rxb1 41. Qxd4 Rxg1+ 42. Kxg1 Rh7 43. Nd1 Be4 44. Qe3 Qe7 45. Qa3 Qf6 46. Qa8+ Kg7 47. Nc3 Qxc3 0-1

[Event "Schleswig Holstein-ch Seniors op 11th"]
[Site "Buesum"]
[Date "2017.09.08"]
[Round "1"]
[White "Gebuhr, Guenter"]
[Black "Alicke, Manfred"]
[Result "1-0"]
[WhiteElo "1961"]
[BlackElo "1646"]
[PlyCount "107"]
[EventDate "2017.09.08"]
[EventType "swiss"]
[EventRounds "9"]
[EventCountry "GER"]
[SourceTitle "EXT 2019"]
[Source "ChessBase"]
[SourceDate "2018.10.10"]
[SourceVersion "1"]
[SourceVersionDate "2018.10.10"]
[SourceQuality "1"]

1. e4 g6 2. d4 Bg7 3. Nf3 d6 4. Be3 c6 5. a4 a5 6. Be2 h6 7. 0-0 e6 8. Nc3 Nd7 9. Qd2 Ndf6 10. h3 Bd7 11. Rad1 d5 12. e5 Nh7 13. Bd3 Nf8 14. Ne2 Ne7 15. Ng3 Nf5 16. Bxf5 exf5 17. h4 Ne6 18. h5 Nf8 19. Qd3 Qc8 20. Nd2 g5 21. f4 g4 22. c4 Be6 23. cxd5 cxd5 24. Rc1 Qd7 25. Qc3 Nh7 26. Rc2 Bf8 27. Qb3 Bb4 28. Rfc1 0-0 29. Rc7 Qd8 30. Rxb7 Rc8 31. Qd1 Rxc1 32. Qxc1 Qa8 33. Rc7 Rc8 34. Nb3 Qb8 35. Rxc8+ Qxc8 36. Qxc8+ Bxc8 37. Bd2 f6 38. Bxb4 axb4 39. Nc5 fxe5 40. dxe5 Nf8 41. Kf2 Kf7 42. Ke3 Ne6 43. Nxe6 Kxe6 44. Kd4 Bb7 45. b3 Ba6 46. Kc5 Bd3 47. Kxb4 Be4 48. Nxe4 fxe4 49. Kc3 g3 50. a5 e3 51. a6 Kf5 52. a7 Ke4 53. a8Q e2 54. Kd2 1-0

[Event "Rheinland Pfalz op Seniors 13th"]
[Site "Neustadt an der Weinstrasse"]
[Date "2015.07.10"]
[Round "1"]
[White "Alicke, Manfred"]
[Black "Prachar, Josef"]
[Result "0-1"]
[WhiteElo "1765"]
[BlackElo "1867"]
[PlyCount "104"]
[EventDate "2015.07.10"]
[EventType "swiss"]
[EventRounds "7"]
[EventCountry "GER"]
[SourceTitle "EXT 2019"]
[Source "ChessBase"]
[SourceDate "2018.10.10"]
[SourceVersion "1"]
[SourceVersionDate "2018.10.10"]
[SourceQuality "1"]

1. d4 Nf6 2. Nf3 g6 3. h3 Bg7 4. c3 d6 5. Bf4 0-0 6. Nbd2 Nbd7 7. e3 Re8 8. Be2 e5 9. dxe5 dxe5 10. Bg3 c6 11. Qc2 Qe7 12. 0-0 a5 13. Rfe1 Nd5 14. a4 Nc5 15. Bf1 e4 16. Nd4 Kh8 17. Re2 Qg5 18. Nc4 Kg8 19. Ra3 h5 20. Kh2 h4 21. Bd6 Nd3 22. Qd2 f5 23. g3 hxg3+ 24. fxg3 Be6 25. Nxe6 Rxe6 26. Bf4 Qh5 27. Rb3 b5 28. axb5 a4 29. Ra3 cxb5 30. Nd6 N5xf4 31. Nxb5 Nxe2 32. Qxe2 Qxe2+ 33. Bxe2 Rb6 34. c4 Bxb2 35. Ra2 a3 36. h4 Nc1 37. c5 Nxe2 38. cxb6 Nc1 39. b7 Rb8 40. Rxa3 Bxa3 41. Nxa3 Rxb7 42. Nc4 Nd3 43. g4 Kg7 44. Kg3 Rb1 45. gxf5 gxf5 46. Nd6 Kg6 47. h5+ Kg5 48. Kh2 Rb6 49. Nf7+ Kxh5 50. Kg3 Rg6+ 51. Kh2 Kh4 52. Nd8 Ne5 0-1

[Event "Dresden ZMD op"]
[Site "Dresden"]
[Date "2010.07.10"]
[Round "1"]
[White "Krockenberger, Martin"]
[Black "Alicke, Manfred"]
[Result "1-0"]
[WhiteElo "2219"]
[BlackElo "1800"]
[PlyCount "93"]
[EventDate "2010.07.10"]
[EventType "swiss"]
[EventRounds "9"]
[EventCountry "GER"]
[SourceTitle "CBM 137 Extra"]
[Source "ChessBase"]
[SourceDate "2010.09.01"]
[SourceVersion "1"]
[SourceVersionDate "2010.09.01"]
[SourceQuality "1"]

1. c4 c5 2. Nf3 Nc6 3. d4 cxd4 4. Nxd4 e6 5. g3 Bc5 6. Nb3 Be7 7. Nc3 a6 8. Bg2 Nf6 9. 0-0 0-0 10. e4 d6 11. Be3 Nd7 12. Rc1 Nce5 13. Qe2 f6 14. Nd4 Nb6 15. b3 Re8 16. f4 Nf7 17. Qf2 e5 18. Nf5 Nd7 19. Nxe7+ Rxe7 20. f5 Re8 21. h4 b6 22. Nd5 Nc5 23. Rfd1 a5 24. Qc2 Bd7 25. Bf3 Bc6 26. Nc3 Qc7 27. Qg2 Qd8 28. Rc2 Ra7 29. g4 Rd7 30. g5 Nh8 31. Nd5 Bxd5 32. Rxd5 Rf8 33. g6 hxg6 34. fxg6 Ne6 35. Bg4 Re7 36. Bf5 Rfe8 37. Rcd2 Rd7 38. Qg4 Qe7 39. h5 Kf8 40. Bxe6 Qxe6 41. Qxe6 Rxe6 42. Bxb6 Ke7 43. Bxa5 f5 44. exf5 Rf6 45. Rf2 e4 46. Bc3 e3 47. Re2 1-0

[Event "Wiesbaden op"]
[Site "Wiesbaden"]
[Date "2007.08.03"]
[Round "2"]
[White "Schydlo, Siegfried"]
[Black "Alicke, Manfred"]
[Result "1-0"]
[WhiteElo "2020"]
[BlackElo "1870"]
[PlyCount "65"]
[EventDate "2007.08.02"]
[EventType "swiss"]
[EventRounds "7"]
[EventCountry "GER"]
[SourceTitle "EXT 2008"]
[Source "ChessBase"]
[SourceDate "2007.11.25"]
[SourceVersion "1"]
[SourceVersionDate "2007.11.25"]
[SourceQuality "1"]

1. d4 d5 2. Nf3 h6 3. Bf4 Nf6 4. e3 Nc6 5. c3 e6 6. Nbd2 Bd6 7. Bg3 Ne4 8. Bd3 Nxd2 9. Qxd2 Qe7 10. 0-0 f5 11. a3 g5 12. Ne5 Bxe5 13. dxe5 h5 14. f4 h4 15. Be1 g4 16. c4 a5 17. cxd5 exd5 18. Rc1 Rh6 19. Qc2 Rh5 20. Bb5 Bd7 21. Qd2 Qe6 22. Qc3 h3 23. g3 Rh7 24. Rf2 Rh6 25. Rfc2 Kd8 26. Rd1 Rh7 27. Qc5 Re7 28. Rxd5 b6 29. Qc4 Ke8 30. Bxc6 Rd8 31. Bxd7+ Rexd7 32. Rxd7 Qxc4 33. Rxd8+ 1-0

[Event "Wiesbaden op"]
[Site "Wiesbaden"]
[Date "2007.08.02"]
[Round "1"]
[White "Alicke, Manfred"]
[Black "Bender, Dirk"]
[Result "0-1"]
[WhiteElo "1870"]
[BlackElo "2087"]
[PlyCount "126"]
[EventDate "2007.08.02"]
[EventType "swiss"]
[EventRounds "7"]
[EventCountry "GER"]
[SourceTitle "EXT 2008"]
[Source "ChessBase"]
[SourceDate "2007.11.25"]
[SourceVersion "1"]
[SourceVersionDate "2007.11.25"]
[SourceQuality "1"]

1. d4 c5 2. e3 e6 3. Nf3 d5 4. c4 Nf6 5. Nc3 b6 6. cxd5 Nxd5 7. Be2 Nxc3 8. bxc3 Be7 9. 0-0 0-0 10. Re1 Bb7 11. Bf1 Nd7 12. a4 Qc7 13. Ba3 Rfc8 14. Be2 Bd6 15. g3 Qc6 16. h3 Nf6 17. Bb2 Ne4 18. Rf1 Ng5 19. Kg2 Qc7 20. Qe1 e5 21. h4 Ne4 22. Kh2 Rf8 23. dxe5 Bxe5 24. Nxe5 Qxe5 25. Bf3 Rad8 26. Rd1 Qe6 27. Rxd8 Rxd8 28. Bxe4 Qxe4 29. f3 Qxa4 30. Qc1 Qd7 31. Rf2 Qd1 32. Qxd1 Rxd1 33. e4 Kf8 34. g4 a5 35. Kg3 Rd3 36. Kf4 b5 37. Rc2 f6 38. h5 Kf7 39. Ba3 g5+ 40. hxg6+ hxg6 41. g5 fxg5+ 42. Kg4 Bc8+ 43. Kg3 g4 44. Kf4 Rxf3+ 45. Ke5 c4 46. Bc5 g3 47. Rb2 Bd7 48. Rd2 Rd3 49. Ra2 Rxc3 50. Rxa5 g2 51. Ra2 Rg3 52. Bg1 b4 53. Ra7 Rd3 54. Ra6 Rd1 55. Rf6+ Kg7 56. Bc5 g1Q 57. Bxg1 Rxg1 58. Rd6 Be8 59. Rb6 b3 60. Kd4 Bf7 61. e5 Rd1+ 62. Ke4 Rb1 63. Rb7 g5 0-1

[Event "Duesseldorf-ch"]
[Site "Duesseldorf"]
[Date "2005.11.25"]
[Round "9.9"]
[White "Isdepski, Marcus"]
[Black "Alicke, Manfred"]
[Result "1-0"]
[WhiteElo "1794"]
[BlackElo "1518"]
[PlyCount "65"]
[EventDate "2005.09.02"]
[EventType "swiss"]
[EventRounds "9"]
[EventCountry "GER"]
[SourceTitle "EXT 2006"]
[Source "ChessBase"]
[SourceDate "2005.11.24"]
[SourceVersion "1"]
[SourceVersionDate "2005.11.24"]
[SourceQuality "1"]

1. e4 e5 2. Nf3 Nc6 3. d4 exd4 4. Nxd4 Bc5 5. Be3 Bxd4 6. Bxd4 Nxd4 7. Qxd4 Qg5 8. Nc3 Ne7 9. g3 a6 10. f4 Qh6 11. 0-0-0 0-0 12. Qc5 Nc6 13. Nd5 d6 14. Qf2 Bg4 15. Rd2 Rac8 16. Ne3 Bd7 17. g4 Qe6 18. Bc4 Qxe4 19. Bd5 Qb4 20. Qg3 Ne7 21. a3 Qb6 22. f5 Bc6 23. Bxc6 Qxc6 24. Rf1 Qe4 25. h4 Rfe8 26. g5 Qe5 27. Qf2 Qe4 28. h5 Qe5 29. f6 Nc6 30. fxg7 Qxg7 31. Nf5 Qe5 32. Nh6+ Kh8 33. Nxf7+ 1-0

[Event "Bad Sooden-Allendorf Seniors op 16th"]
[Site "Bad Sooden-Allendorf"]
[Date "2004.04.27"]
[Round "6"]
[White "Auerswald, Gottfried"]
[Black "Alicke, Manfred"]
[Result "1/2-1/2"]
[WhiteElo "1390"]
[BlackElo "1552"]
[PlyCount "105"]
[EventDate "2004.04.22"]
[EventType "swiss"]
[EventRounds "9"]
[EventCountry "GER"]
[SourceTitle "EXT 2006"]
[Source "ChessBase"]
[SourceDate "2005.11.24"]
[SourceVersion "1"]
[SourceVersionDate "2005.11.24"]
[SourceQuality "1"]

1. e4 c5 2. Nc3 Nc6 3. g3 e5 4. Bg2 d6 5. d3 Be6 6. Nge2 Nd4 7. Nxd4 cxd4 8. Ne2 Be7 9. 0-0 h5 10. f4 Bg4 11. h3 Bd7 12. Bd2 Qc8 13. Kh2 Nf6 14. f5 Qc7 15. c3 dxc3 16. Nxc3 Qb6 17. Qe2 Bc6 18. Be3 Qd8 19. Bf3 d5 20. exd5 Bxd5 21. Nxd5 Nxd5 22. Bd2 h4 23. g4 Qd6 24. Be4 Rb8 25. a3 0-0 26. Qf3 Rfd8 27. g5 Bf8 28. Qg4 Rbc8 29. Rac1 Rxc1 30. Rxc1 Nf4 31. Bxf4 exf4 32. Qf3 Qd4 33. Rc2 b6 34. Rg2 Qe3 35. Qxe3 fxe3 36. Re2 Bd6+ 37. Kg2 Bf4 38. Kf3 Bxg5 39. Kg4 f6 40. Kh5 Kf7 41. Kg4 a5 42. Kf3 Ke7 43. Rc2 Bh6 44. Rc7+ Rd7 45. Rc6 Rd6 46. Rc7+ Kd8 47. Rc2 Rd7 48. Ke2 Rc7 49. Bc6 Ke7 50. d4 b5 51. d5 b4 52. axb4 axb4 53. Rc4 1/2-1/2

[Event "Bad Sooden-Allendorf Seniors op 16th"]
[Site "Bad Sooden-Allendorf"]
[Date "2004.04.24"]
[Round "3"]
[White "Alicke, Manfred"]
[Black "Melzig, Ernst"]
[Result "0-1"]
[WhiteElo "1552"]
[BlackElo "1361"]
[PlyCount "172"]
[EventDate "2004.04.22"]
[EventType "swiss"]
[EventRounds "9"]
[EventCountry "GER"]
[SourceTitle "EXT 2006"]
[Source "ChessBase"]
[SourceDate "2005.11.24"]
[SourceVersion "1"]
[SourceVersionDate "2005.11.24"]
[SourceQuality "1"]

1. d4 d5 2. c4 e6 3. Nc3 Bb4 4. Nf3 Nf6 5. Bg5 Nbd7 6. Bxf6 Bxc3+ 7. bxc3 Qxf6 8. e3 c5 9. cxd5 exd5 10. Bb5 0-0 11. 0-0 a6 12. Bd3 c4 13. Be2 b5 14. a4 Bb7 15. Qb1 Bc6 16. a5 Rab8 17. Qb4 Rfe8 18. Nd2 Qe7 19. Rab1 Qxb4 20. Rxb4 Nf6 21. Nf3 Ne4 22. Rc1 f6 23. h4 Bd7 24. Ne1 Nd2 25. Rc2 Nb3 26. Bf3 Bc6 27. Ra2 Nc1 28. Ra3 Nb3 29. Bd1 Nd2 30. Rb2 Ne4 31. Nc2 Bb7 32. Nb4 Nd6 33. Bf3 Ne4 34. Re2 Rbd8 35. g3 f5 36. Kh2 Re6 37. Bg2 Rh6 38. f3 Nf6 39. f4 Rd6 40. Bh3 Ng4+ 41. Kg2 Rhe6 42. Kf3 h5 43. Ra1 g6 44. Rae1 Nf6 45. Na2 Rd7 46. Kg2 Ne4 47. Kh2 Nd6 48. Nb4 Ne4 49. Rc2 Rde7 50. Bg2 Nf6 51. Rce2 Ng4+ 52. Kg1 Nxe3 53. Bf3 Kf7 54. Kh1 Ng4 55. Kg1 Rxe2 56. Rxe2 Rxe2 57. Bxe2 Nf6 58. Bf3 Ke6 59. Kg2 Ne4 60. Na2 Nd2 61. Bd1 Nb3 62. Bc2 Nxa5 63. Nc1 Nc6 64. Ne2 a5 65. Kf3 b4 66. cxb4 axb4 67. Ba4 c3 68. Ke3 Na5 69. Nc1 Bc6 70. Bxc6 Nxc6 71. Nd3 c2 72. Nc5+ Kd6 73. Nb3 Na5 74. Nc1 b3 75. Kd2 b2 76. Kxc2 bxc1Q+ 77. Kxc1 Nb3+ 78. Kd1 Nxd4 79. Kd2 Kc5 80. Kd3 Ne6 81. Kc3 d4+ 82. Kd3 Kd5 83. Ke2 Ke4 84. Kf2 d3 85. Ke1 Ke3 86. Kd1 d2 0-1

[Event "Bad Sooden-Allendorf Seniors op 16th"]
[Site "Bad Sooden-Allendorf"]
[Date "2004.04.22"]
[Round "1"]
[White "Alicke, Manfred"]
[Black "Eidelmann, Vova"]
[Result "1/2-1/2"]
[WhiteElo "1552"]
[BlackElo "2036"]
[PlyCount "44"]
[EventDate "2004.04.22"]
[EventType "swiss"]
[EventRounds "9"]
[EventCountry "GER"]
[SourceTitle "EXT 2006"]
[Source "ChessBase"]
[SourceDate "2005.11.24"]
[SourceVersion "1"]
[SourceVersionDate "2005.11.24"]
[SourceQuality "1"]

1. d4 d5 2. c4 Nf6 3. Nf3 e6 4. Bg5 Be7 5. Nc3 0-0 6. e3 c6 7. Bd3 Nbd7 8. cxd5 exd5 9. 0-0 Re8 10. Re1 Nf8 11. h3 Ng6 12. a3 Ne4 13. Bxe7 Qxe7 14. Qc2 f5 15. Ne2 Qd6 16. Rac1 Be6 17. b4 a6 18. Qb2 Bd7 19. Qc2 Re7 20. h4 h5 21. g3 Rae8 22. Nf4 Nxf4 1/2-1/2

[Event "Bad Sooden-Allendorf Seniors op 15th"]
[Site "Bad Sooden-Allendorf"]
[Date "2003.05.04"]
[Round "6"]
[White "Alicke, Manfred"]
[Black "Helm, Irmgard"]
[Result "0-1"]
[WhiteElo "1601"]
[BlackElo "1409"]
[PlyCount "128"]
[EventDate "2003.05.??"]
[EventType "swiss"]
[EventRounds "9"]
[EventCountry "GER"]
[SourceTitle "EXT 2006"]
[Source "ChessBase"]
[SourceDate "2005.11.24"]
[SourceVersion "1"]
[SourceVersionDate "2005.11.24"]
[SourceQuality "1"]

1. d4 d5 2. c4 e6 3. a3 Nf6 4. Bg5 Be7 5. Nc3 b6 6. e3 Bb7 7. Nf3 h6 8. Bh4 0-0 9. Bd3 dxc4 10. Bxc4 Nbd7 11. 0-0 Rc8 12. Bd3 c5 13. Bb1 cxd4 14. exd4 Nd5 15. Qd3 f5 16. Bxe7 Qxe7 17. Ne2 Rf6 18. g3 Rg6 19. Ne5 Nxe5 20. dxe5 h5 21. Ba2 h4 22. Rac1 Rxc1 23. Rxc1 hxg3 24. fxg3 Qg5 25. Bxd5 Bxd5 26. Qd4 Be4 27. Qf2 Rh6 28. Rc8+ Kh7 29. Qf4 Qh5 30. Qf2 Qf3 31. Qxf3 Bxf3 32. Nf4 g5 33. Rc7+ Kg8 34. Nd3 Rh7 35. Rc8+ Kf7 36. b4 Kg6 37. Rg8+ Kh5 38. h3 Be4 39. Nb2 Rc7 40. Rh8+ Kg6 41. Rd8 Rc2 42. Nd1 Rg2+ 43. Kf1 Rxg3 44. Rg8+ Kh7 45. Re8 Bd5 46. Re7+ Kg6 47. Rxa7 Rxh3 48. Nf2 Rf3 49. Ke2 g4 50. Rc7 b5 51. Ke1 Rxa3 52. Kd2 g3 53. Nh3 g2 54. Nf4+ Kg5 55. Ne2 Ra2+ 56. Ke3 f4+ 57. Kf2 f3 58. Rg7+ Kf5 59. Rf7+ Kxe5 60. Rxf3 Rxe2+ 61. Kxe2 Bxf3+ 62. Kf2 Kf4 63. Kg1 Ke3 64. Kh2 Kf2 0-1

[Event "Bad Woerishofen Seniors op 19th"]
[Site "Bad Woerishofen"]
[Date "2003.03.21"]
[Round "9"]
[White "Alicke, Manfred"]
[Black "Zacharias, Helmut"]
[Result "1-0"]
[WhiteElo "1601"]
[BlackElo "1339"]
[PlyCount "47"]
[EventDate "2003.03.13"]
[EventType "swiss"]
[EventRounds "9"]
[EventCountry "GER"]
[SourceTitle "EXT 2004"]
[Source "ChessBase"]
[SourceDate "2003.11.25"]
[SourceVersion "1"]
[SourceVersionDate "2003.11.25"]
[SourceQuality "1"]

1. e4 c5 2. Bc4 Nc6 3. c3 g6 4. Nf3 Bg7 5. d3 Nf6 6. Be3 d6 7. h3 0-0 8. a3 e6 9. Ba2 b6 10. Bg5 h6 11. Bh4 Qc7 12. Nbd2 b5 13. Rc1 Nh5 14. Nf1 g5 15. Bg3 Nf6 16. Ne3 Bb7 17. Bb1 Qe7 18. Bh2 b4 19. Nc4 Rad8 20. Ne3 d5 21. e5 Nd7 22. d4 bxc3 23. Qd3 cxb2 24. Qh7# 1-0

[Event "Bad Woerishofen Seniors op 19th"]
[Site "Bad Woerishofen"]
[Date "2003.03.19"]
[Round "7"]
[White "Alicke, Manfred"]
[Black "Blaushtain, Boris"]
[Result "0-1"]
[WhiteElo "1601"]
[BlackElo "2153"]
[PlyCount "96"]
[EventDate "2003.03.13"]
[EventType "swiss"]
[EventRounds "9"]
[EventCountry "GER"]
[SourceTitle "EXT 2004"]
[Source "ChessBase"]
[SourceDate "2003.11.25"]
[SourceVersion "1"]
[SourceVersionDate "2003.11.25"]
[SourceQuality "1"]

1. d4 Nf6 2. c4 e6 3. a3 d5 4. e3 Nbd7 5. Nc3 c6 6. Nf3 Bd6 7. c5 Bc7 8. b4 e5 9. Be2 e4 10. Nd2 0-0 11. 0-0 Ne8 12. f3 f5 13. f4 g5 14. g4 gxf4 15. Rxf4 Bxf4 16. exf4 fxg4 17. Bxg4 Qh4 18. Nf1 Ndf6 19. Bxc8 Rxc8 20. Ra2 Kh8 21. Rg2 Ng7 22. Ne3 Rg8 23. Bd2 Ngh5 24. Ne2 Rxg2+ 25. Nxg2 Qh3 26. f5 Rg8 27. Qf1 Ng4 28. Bf4 Ne3 29. Be5+ Rg7 30. Bxg7+ Kxg7 31. Qf2 Nxg2 32. Qxg2+ Qxg2+ 33. Kxg2 Kf6 34. a4 Kxf5 35. Nc3 Nf4+ 36. Kg3 Nd3 37. b5 Nb4 38. a5 Ke6 39. Kf4 a6 40. b6 Nc2 41. Ne2 Na3 42. Kg5 Nc4 43. Nf4+ Kf7 44. Nxd5 cxd5 45. c6 Nd6 46. cxb7 Nxb7 47. Kf4 Nxa5 48. h4 Nc6 0-1

[Event "Bad Woerishofen Seniors op 19th"]
[Site "Bad Woerishofen"]
[Date "2003.03.14"]
[Round "2"]
[White "Born, Bernd Ludger"]
[Black "Alicke, Manfred"]
[Result "1-0"]
[WhiteElo "2020"]
[BlackElo "1601"]
[PlyCount "71"]
[EventDate "2003.03.13"]
[EventType "swiss"]
[EventRounds "9"]
[EventCountry "GER"]
[SourceTitle "EXT 2004"]
[Source "ChessBase"]
[SourceDate "2003.11.25"]
[SourceVersion "1"]
[SourceVersionDate "2003.11.25"]
[SourceQuality "1"]

1. Nf3 b6 2. g3 Bb7 3. Bg2 h6 4. d4 e6 5. 0-0 g5 6. c4 c5 7. Nc3 d5 8. cxd5 exd5 9. Ne5 Nf6 10. e3 Be7 11. Qa4+ Kf8 12. dxc5 Bxc5 13. Rd1 a6 14. Qb3 Qe7 15. Nf3 Qe6 16. Nd4 Qe5 17. Nde2 Kg7 18. Nxd5 Rd8 19. Nxf6 Rxd1+ 20. Qxd1 Bxg2 21. Nh5+ Kg8 22. Kxg2 Nc6 23. Nc3 Rd8 24. Qf3 Rd6 25. Ne4 Rg6 26. Nhf6+ Kh8 27. Nd7 g4 28. Nxe5 gxf3+ 29. Nxf3 Be7 30. Bd2 f5 31. Nc3 Rd6 32. e4 fxe4 33. Nxe4 Re6 34. Bc3+ Kh7 35. Re1 a5 36. Neg5+ 1-0

[Event "Bad Sooden-Allendorf Seniors op 14th"]
[Site "Bad Sooden-Allendorf"]
[Date "2002.04.29"]
[Round "8"]
[White "Alicke, Manfred"]
[Black "Blickhaeuser, Alfred"]
[Result "1/2-1/2"]
[WhiteElo "1519"]
[BlackElo "1750"]
[PlyCount "27"]
[EventDate "2002.04.??"]
[EventType "swiss"]
[EventRounds "9"]
[EventCountry "GER"]
[SourceTitle "EXT 2006"]
[Source "ChessBase"]
[SourceDate "2005.11.24"]
[SourceVersion "1"]
[SourceVersionDate "2005.11.24"]
[SourceQuality "1"]

1. d4 d5 2. c4 c6 3. Nf3 Nf6 4. e3 Bg4 5. Be2 e6 6. 0-0 Bd6 7. c5 Bc7 8. Ne5 Bxe2 9. Qxe2 0-0 10. f4 b6 11. b4 a5 12. b5 bxc5 13. Ba3 cxb5 14. Qxb5 1/2-1/2

[Event "Bad Sooden-Allendorf Seniors op 14th"]
[Site "Bad Sooden-Allendorf"]
[Date "2002.04.28"]
[Round "7"]
[White "Vogel, Wolfgang"]
[Black "Alicke, Manfred"]
[Result "1/2-1/2"]
[WhiteElo "1650"]
[BlackElo "1519"]
[PlyCount "97"]
[EventDate "2002.04.??"]
[EventType "swiss"]
[EventRounds "9"]
[EventCountry "GER"]
[SourceTitle "EXT 2006"]
[Source "ChessBase"]
[SourceDate "2005.11.24"]
[SourceVersion "1"]
[SourceVersionDate "2005.11.24"]
[SourceQuality "1"]

1. e4 e6 2. d4 d5 3. Nc3 Bb4 4. e5 Bd7 5. a3 Ba5 6. Qg4 Kf8 7. f4 h5 8. Qd1 Qh4+ 9. g3 Qd8 10. b4 Bb6 11. Nf3 Ne7 12. a4 a6 13. Nh4 c6 14. Be3 Nf5 15. Nxf5 exf5 16. a5 Ba7 17. Qd2 Be6 18. Na4 Nd7 19. Nb2 Kg8 20. Kf2 h4 21. Bg2 Nf8 22. Rac1 Ng6 23. c4 Rc8 24. cxd5 Bxd5 25. Qd1 Bxg2 26. Kxg2 Qd5+ 27. Qf3 h3+ 28. Kf2 Ne7 29. Qxd5 Nxd5 30. Nd3 Rh6 31. Kf3 Rd8 32. Rc4 Rd7 33. Rg1 Rg6 34. Bf2 b6 35. g4 b5 36. Rcc1 Ne7 37. gxf5 Rxg1 38. Bxg1 Nxf5 39. Rxc6 Bxd4 40. Rc8+ Kh7 41. Bxd4 Rxd4 42. Nc5 Rxb4 43. Nxa6 Ra4 44. Rc5 Rxa5 45. Nc7 Ra4 46. Kg4 Ne3+ 47. Kf3 Nf5 48. Kg4 Ne3+ 49. Kf3 1/2-1/2

[Event "Bad Sooden-Allendorf Seniors op 14th"]
[Site "Bad Sooden-Allendorf"]
[Date "2002.04.22"]
[Round "1"]
[White "Hansen, Hans1111"]
[Black "Alicke, Manfred"]
[Result "1-0"]
[WhiteElo "1892"]
[BlackElo "1519"]
[PlyCount "54"]
[EventDate "2002.04.??"]
[EventType "swiss"]
[EventRounds "9"]
[EventCountry "GER"]
[SourceTitle "EXT 2006"]
[Source "ChessBase"]
[SourceDate "2005.11.24"]
[SourceVersion "1"]
[SourceVersionDate "2005.11.24"]
[SourceQuality "1"]

1. e4 c5 2. c3 e5 3. Nf3 Nc6 4. Bc4 d6 5. d3 h6 6. Na3 Qf6 7. h3 Be7 8. Be3 Qg6 9. Nb5 Bd8 10. Qb3 Kf8 11. Rg1 Na5 12. Qa3 a6 13. Bd5 Bd7 14. Nxd6 Rb8 15. Nxe5 Qe6 16. Bxe6 Bxe6 17. Bxc5 b6 18. Bb4 Ne7 19. Nf5 Bxf5 20. exf5 Ke8 21. 0-0-0 f6 22. Ng6 Nxg6 23. fxg6 Kd7 24. Bd6 Rc8 25. Rge1 Rc6 26. Bg3 b5 27. Qb4 Nb7 1-0